[Event "Titled Tuesday intern op 26th Oct"]
[Site "Chess.com INT"]
[Date "2021.10.26"]
[Round "4"]
[White "Sergienko, Sergey"]
[Black "Balabayeva, Kseniya"]
[Result "0-1"]
[WhiteElo "2337"]
[BlackElo "2308"]
[PlyCount "80"]
[EventDate "2021.10.26"]
[EventType "swiss (blitz)"]
[EventRounds "11"]
[EventCountry "USA"]
[SourceTitle "CBM 204 Extra"]
[Source "ChessBase"]
[SourceDate "2021.11.30"]
[SourceVersion "1"]
[SourceVersionDate "2021.11.30"]
[SourceQuality "1"]

1. e4 c6 2. Nc3 d5 3. Nf3 dxe4 4. Nxe4 Nf6 5. Qe2 Nxe4 6. Qxe4 Nd7 7. Bc4 Nf6 8. Ne5 e6 9. Qe2 b5 10. Bb3 Qc7 11. 0-0 Bd6 12. d4 Bb7 13. Re1 0-0 14. c3 a6 15. Bc2 c5 16. Bg5 Nd5 17. Qd3 f5 18. Rad1 Rfe8 19. h3 Rac8 20. Nf3 c4 21. Qe2 b4 22. Bd2 bxc3 23. bxc3 Bf4 24. Bxf4 Nxf4 25. Qe3 g6 26. h4 Nd5 27. Qd2 Nf4 28. Qe3 Rcd8 29. Ba4 Re7 30. Qe5 Bxf3 31. Qxc7 Rxc7 32. gxf3 Rb8 33. Kh2 Kf7 34. Kg3 Nd5 35. Re5 Nxc3 36. Rde1 Nxa4 37. Rxe6 c3 38. Rxa6 c2 39. Rc1 Nb2 40. d5 Nd3 0-1

[Event "Titled Tuesday intern op 19th Oct"]
[Site "Chess.com INT"]
[Date "2021.10.19"]
[Round "3"]
[White "Harshavardhan, GB."]
[Black "Sergienko, Sergey"]
[Result "1-0"]
[WhiteElo "2397"]
[BlackElo "2337"]
[PlyCount "81"]
[EventDate "2021.10.19"]
[EventType "swiss (blitz)"]
[EventRounds "11"]
[EventCountry "USA"]
[SourceTitle "CBM 204 Extra"]
[Source "ChessBase"]
[SourceDate "2021.11.30"]
[SourceVersion "1"]
[SourceVersionDate "2021.11.30"]
[SourceQuality "1"]

1. d4 Nf6 2. Nf3 e6 3. Bg5 h6 4. Bh4 c5 5. c3 d5 6. Nbd2 Nc6 7. e3 cxd4 8. exd4 Be7 9. Bd3 Nh5 10. Bg3 Nxg3 11. hxg3 Bf6 12. Qe2 Bd7 13. Nf1 Qa5 14. Qd2 0-0-0 15. Ne3 h5 16. a3 Kb8 17. 0-0-0 g6 18. g4 Rc8 19. Kb1 hxg4 20. Nxg4 Rxh1 21. Rxh1 Be7 22. Nge5 Nxe5 23. Nxe5 Be8 24. Rh7 a6 25. Bxg6 Bxa3 26. Bxf7 Bxf7 27. Rxf7 Bd6 28. Nd3 Qb5 29. Rh7 Rg8 30. g3 Rf8 31. Rh6 Rf3 32. Nc1 Qf1 33. Rxe6 Rxf2 34. Qd3 Qxd3+ 35. Nxd3 Rf1+ 36. Kc2 Bxg3 37. Rg6 Bh2 38. Rh6 Bc7 39. Rh8+ Ka7 40. Rh7 Kb8 41. Nb4 1-0

[Event "Titled Tuesday intern op 19th Oct"]
[Site "Chess.com INT"]
[Date "2021.10.19"]
[Round "6"]
[White "Lagunow, Raphael"]
[Black "Sergienko, Sergey"]
[Result "1/2-1/2"]
[WhiteElo "2385"]
[BlackElo "2337"]
[PlyCount "97"]
[EventDate "2021.10.19"]
[EventType "swiss (blitz)"]
[EventRounds "11"]
[EventCountry "USA"]
[SourceTitle "CBM 204 Extra"]
[Source "ChessBase"]
[SourceDate "2021.11.30"]
[SourceVersion "1"]
[SourceVersionDate "2021.11.30"]
[SourceQuality "1"]

1. Nf3 Nf6 2. c4 c5 3. g3 d5 4. cxd5 Nxd5 5. Bg2 Nc6 6. 0-0 e5 7. Nc3 Nc7 8. d3 Be7 9. Nd2 Bd7 10. Nc4 f6 11. a4 0-0 12. f4 exf4 13. gxf4 Kh8 14. Kh1 Rb8 15. Rg1 Nb4 16. Bd2 Bc6 17. Qf1 Qd7 18. Bxc6 Nxc6 19. Qg2 Rf7 20. Qg4 f5 21. Qg2 Bf6 22. Nb5 Ne8 23. Nc3 Rd8 24. a5 Nd6 25. Nxd6 Qxd6 26. a6 b6 27. Nb5 Qe6 28. Bc3 Nd4 29. Bxd4 cxd4 30. Na3 Re8 31. Rae1 Bh4 32. Rc1 g6 33. Nb5 Qxe2 34. Qxe2 Rxe2 35. Rc8+ Kg7 36. Nxd4 Rxb2 37. Rgc1 Bf6 38. Ne6+ Kh6 39. d4 Rd2 40. R1c3 Kh5 41. Rh3+ Kg4 42. Rg3+ Kh4 43. Rcc3 Rd1+ 44. Kg2 Rd2+ 45. Kg1 Rd1+ 46. Kf2 Rd2+ 47. Kg1 Rd1+ 48. Kg2 Rd2+ 49. Kg1 1/2-1/2

[Event "Titled Tuesday intern op 19th Oct"]
[Site "Chess.com INT"]
[Date "2021.10.19"]
[Round "7"]
[White "Sergienko, Sergey"]
[Black "Di Nicolantonio, Lucas"]
[Result "0-1"]
[WhiteElo "2337"]
[BlackElo "2420"]
[PlyCount "70"]
[EventDate "2021.10.19"]
[EventType "swiss (blitz)"]
[EventRounds "11"]
[EventCountry "USA"]
[SourceTitle "CBM 204 Extra"]
[Source "ChessBase"]
[SourceDate "2021.11.30"]
[SourceVersion "1"]
[SourceVersionDate "2021.11.30"]
[SourceQuality "1"]

1. e4 g6 2. d4 Bg7 3. Nc3 d6 4. f4 a6 5. Nf3 b5 6. Bd3 Nd7 7. a4 b4 8. Ne2 c5 9. c3 Bb7 10. 0-0 Qc7 11. Be3 bxc3 12. bxc3 Ngf6 13. e5 Nd5 14. Bd2 0-0 15. Kh1 c4 16. Bc2 e6 17. Qe1 f5 18. exf6 N7xf6 19. Ng5 Rae8 20. Qh4 Qd7 21. Rf3 Ne7 22. Rh3 Nf5 23. Bxf5 exf5 24. Nxh7 Rxe2 25. Nxf8 Bxg2+ 26. Kg1 Kxf8 27. Rg3 Rxd2 28. Rxg2 Rxg2+ 29. Kxg2 Qb7+ 30. Kg1 Qb2 31. Re1 Qxc3 32. d5 Qd4+ 33. Qf2 Qxf2+ 34. Kxf2 Nxd5 35. Rd1 c3 0-1